=LDR 00000nam 2200000 4500 =001 INLIS000000000010759 =005 20130612102357 =008 ***********************************Ind** =035 ##$$0010-061300000010759 =041 ##$$a Ind =082 ##$$a 419.6 =090 ##$$a 419.6, wum u =100 ##$$a Wumbu, Indara B =245 ##$$a Ungkapan tradisional yang berkaitan dengan sila-sila dalam Pancasila daerah Sulawesi Tengah, Indra B. Wumbu, =260 ##$$a 1985 $b Jakarta =300 ##$$a vii, 109 hlm, 23 cm =650 ##$$a Bahasa =650 ##$$a sulawesi Tengah =710 ##$$a Proyek Inventrisasi dan Dokumentasi kebudayaan daerah =850 ##$$a NBPNMAT